Deutsche Songs mit Jungennamen - Statistiken

Allgemein
  • Dieses Quiz wurde 942 mal gespielt
    509 seit der letzten Aktualisierung
  • Das Durchschnittsergebnis liegt bei 9 aus 18
Antwortstatistiken
Interpret Songtitel % Korrekt
Peter Schilling Major {Tom} (Völlig losgelöst}
94%
DJ Ötzi {Anton} aus Tirol
86%
Die Toten Hosen Hier kommt {Alex}
77%
Guildo Horn {Guildo} hat euch lieb
75%
Vicky Leandros {Theo} wir fahr'n nach Lodz
67%
Juliane Werding Am Tag, als {Conny} Kramer starb
66%
Mike Krüger {Bodo} mit dem Bagger
64%
Frank Zander Hier kommt {Kurt}
58%
Mike Krüger Mein Gott {Walter}
51%
Gänsehaut {Karl} der Käfer
50%
Torfrock Presslufthammer-B-B-{Bernhard}
38%
Andreas Dorau {Fred} vom Jupiter
35%
Udo Lindenberg {Rudi} Ratlos
35%
Puhdys He, {John}
29%
Die Toten Hosen {Sascha} ...ein aufrechter Deutscher
21%
Sportfreunde Stiller Ich {Roque}
18%
Fehlfarben {Paul} ist tot
12%
BAP J{upp}
9%
Keine übereinstimmenden Quizze gefunden
Verteilung der Resultate
Anzahl Personen mit jedem Resultat
Perzentil nach korrekt beantworteten Fragen
Ihre Resultats-Entwicklung
Sie haben dieses Quiz seit der letzten Aktualisierung nicht gespielt